The Essence of Discrete Mathematics /

Contenido: 1) Introducción a los conjuntos; 2) Proposiciones lógicas; 3) Predicados lógicos: 4) Relaciones; 5) Relaciones homogéneas; 6) Funciones; 7) Modelos matemáticos.

I tiakina i:
Ngā taipitopito rārangi puna kōrero
Kaituhi matua: Dean, Neville (autor)
Hōputu: Pukapuka
Reo:Ingarihi
I whakaputaina: Harlow, Inglaterra : Prentice-Hall, 1997, c1997
Rangatū:(Prentice-Hall The Essence of Computing)
Ngā marau:
Ngā Tūtohu: Tāpirihia he Tūtohu
Kāore He Tūtohu, Me noho koe te mea tuatahi ki te tūtohu i tēnei pūkete!

MARC

LEADER 00000nam^a2200000^a^4500
001 000156679
005 20250521000000.0
009 20260310100511.637
020 |a 0-13-345943-8 
037 |a Acervo ITESO - Biblioteca 
041 |a ING 
082 |a 511. 1  |b DEA 
100 |a Dean, Neville  |e (autor) 
245 1 4 |a The Essence of Discrete Mathematics /  |c N. Dean. 
264 4 |a Harlow, Inglaterra :  |b Prentice-Hall,  |c 1997, c1997 
300 |a X, 197 p. 
336 |a texto  |b txt  |2 rdacontenido 
337 |a sin mediación  |b n  |2 rdamedio 
338 |a volumen  |b nc  |2 rdasoporte 
440 1 |a (Prentice-Hall The Essence of Computing) 
520 |a Contenido: 1) Introducción a los conjuntos; 2) Proposiciones lógicas; 3) Predicados lógicos: 4) Relaciones; 5) Relaciones homogéneas; 6) Funciones; 7) Modelos matemáticos. 
649 |a XX 
650 |a Procesos Lógicos 
650 |a Relaciones (Matemáticas) 
650 |a Lógica Matemática 
650 |a Teoría de Conjuntos 
650 |a Funciones (Matemáticas) 
650 |a Modelos Matemáticos 
650 |a Ingeniería Computacional 
650 |a Matemáticas Discretas -  |x Tema Principal 
650 |a Matemáticas 
910 |a Fondo General 
920 |a Impresos - Libros 
930 |a Colección General 
905 |a 101 
901 |a 0500085170  |b IT1  |c ACC  |u 20250521 
902 |a https://opac.biblio.iteso.mx/vufind/Record/000156679